000 00264nam a2200109Ia 4500
008 200302s9999 xx 000 0 und d
100 _aP. A. Stone
245 _aBuilding Design Evaluation Costs-in-Use
260 _bE & F. N. Spon
260 _c1975
300 _a227 P.,
999 _c155
_d155